000 00336nam a2200133Ia 4500
008 240624s9999 xx 000 0 und d
041 _aeng
082 _a658.5 RUS
100 _aRUSSELL ROBERTA S
245 _aOPERATIONS MANAGEMENT
250 _a(4th ed.)
260 _c2009
_aNew Delhi
_bPearson Education
300 _a846 : p. ; 25cm.
999 _c13305
_d13305